000 00354nam a2200145Ia 4500
008 150301s2014 xx 000 0 und d
082 _a611
_bA14S
100 _aSINGH, VISHRAM
245 _aTB. OF ANATOMY : HEAD , NECK AND BRAIN
250 _a2ND
260 _bELSEVIER
_aINDIA
_c2014
300 _a445
650 _aHUMAN ANATOMY
942 _2ddc
_cBK
_018
999 _c6623
_d6623